000 00520nam a2200169 i 4500
001 63723
003 ES-MaACL
005 20260305063019.0
007 t|
008 031216s1972 sp ||||1| spa d
100 0 _aFierro Bardaji, Alfredo
_950713
245 1 3 _aLa fé contra el sistema
_b: estudios de teología política /
_cAlfredo Fierro Bardaji.
260 _aEstella (Navarra) :
_bVerbo Divino,
_c1972.
300 _a338 p. ;
_c19 cm.
852 _aES-MaACL
_jC-43825
_bR.83485
999 _c63723
_d63723